000 00560nam a2200193Ia 4500
005 20250326142852.0
008 250326s9999 xx 000 0 und d
020 _a0-333-71902-6
037 _aTextbook
040 _aFMSL
_beng
_cFMSL
041 _aeng
_2eng
084 _aX:8obD658(2:55) N8
_qFMSL
100 _aChorafas Dimitris N
245 0 _aTransaction management
_cChorafas Dimitris N
260 _aGreat
_bGreat, Britain Macmillan
_c1998
300 _axvii,305
942 _cTB
_hX:8obD658(2:55) N8
999 _c1297023
_d1297023